000 00852nam a2200253Ia 4500
003 OSt
005 20221005112429.0
006 a|||||r|||| 00| 0
007 ta
008 221004b |||||||| |||| 00| 0 pan d
020 _a9789352044696 (hbk)
_cINR 250.00
024 _a33222
037 _b788, 27/02/2017, H.K. Prakashan
_cTextual
040 _aCRL
_cCRL
_bpan
041 _2pan
_apan
082 _aY15, 153Q6
100 _aਸੰਦੀਪ ਕੌਰ, ਂਚ.
245 0 _aਔਰਤ ਦਾ ਅਗ਼ਾਦੀ ਸੰਗਰਾਮ
260 _aਚੰਡੀਗੜ
_bਯੂਨੀਸਟਾਰ ਭਾਰਤ
_c2016
300 _a134ਪ੍ਰ0
_ccm.
650 _a ਸਮਾਜ Fਾਸਤਰ
942 _hY15, 153Q6
_cTEXL
_2cc
999 _c1024873
_d1024873